| 000 | nam a22 a 4500 | ||
|---|---|---|---|
| 999 |
_c1816 _d1816 |
||
| 003 | AKMAL | ||
| 005 | 20170512095354.0 | ||
| 008 | 170512s1987 my a00 eng d | ||
| 040 | _aAKMAL | ||
| 082 | 0 | 4 | _a342.05 IBR |
| 090 | 0 | 0 |
_a342.05 _bIBR |
| 100 | 0 |
_aAhmad Ibrahim, _cTan Sri Datuk, _d1916- _93753 |
|
| 245 | 1 | 4 |
_aThe Malaysian legal system / _cAhmad Ibrahim, Ahilemah Joned |
| 260 |
_aKuala Lumpur : _bDewan Bahasa dan Pustaka, _c1987 |
||
| 300 | 0 | 0 |
_axxvii, 377p. ; _c22cm |
| 504 | _aBibliography: p.357-363 | ||
| 650 | 0 |
_aLaw _zMalaysia _9450 |
|
| 700 | 0 |
_aAhilemah Joned _93754 |
|
| 942 |
_2ddc _cBOOK |
||